|
|
|
|
| LEADER |
00644cam a2200181 7i4500 |
| 001 |
0000018107 |
| 005 |
20060822090000.0 |
| 022 |
0 |
0 |
|a 1394-987X
|
| 090 |
0 |
0 |
|a M 690.025
|b MAL
|
| 245 |
2 |
0 |
|a Malaysia builders directory 2006/2007.
|
| 260 |
0 |
0 |
|a Shah Alam:
|b Marshall Cavendish (M),
|c 2006.
|
| 300 |
# |
# |
|a 326 p.
|
| 650 |
0 |
0 |
|a Surveyors --
|x Directories --
|z Malaysia
|
| 650 |
0 |
0 |
|a Building contractors --
|x Directories --
|z Malaysia
|
| 650 |
0 |
0 |
|a Construction industry --
|x Directories --
|z Malaysia
|
| 651 |
0 |
0 |
|a Malaysia
|
| 999 |
|
|
|a SRW000012H
|b Directories
|c Malaysia
|e MATRADE Sarawak
|
| 999 |
|
|
|a PNG000632H
|b Directories
|c Malaysia
|e Business Information Centre
|